[Event "Campeonato de España Universitario 2011"]
[Site "Alicante ESP"]
[Date "2011.05.09"]
[Round "1.6"]
[White "Damians Janes, Jordi"]
[Black "Pena Gomez, Manuel"]
[Result "0-1"]
[WhiteElo "1983"]
[BlackElo "2421"]
[PlyCount "20"]
[EventDate "2011.05.09"]
[EventType "swiss"]
[EventRounds "9"]
[EventCountry "ESP"]
[Source "lmi"]
[SourceDate "2011.05.09"]

1. e4 c5 2. Nc3 Nc6 3. g3 g6 4. Bg2 Bg7 5. f4 d6 6. Nf3 e6 7. d3 Nge7 8. O-O
O-O 9. h3 Rb8 10. Kh2 b5 0-1

[Event "Campeonato de España Universitario 2011"]
[Site "Alicante ESP"]
[Date "2011.05.09"]
[Round "2.1"]
[White "Carrasco Sagredo, Manuel"]
[Black "Alsina Leal, Daniel"]
[Result "0-1"]
[WhiteElo "2177"]
[BlackElo "2545"]
[PlyCount "38"]
[EventDate "2011.05.09"]
[EventType "swiss"]
[EventRounds "9"]
[EventCountry "ESP"]
[Source "lmi"]
[SourceDate "2011.05.09"]

1. d4 Nf6 2. c4 g6 3. Nc3 d5 4. cxd5 Nxd5 5. e4 Nxc3 6. bxc3 Bg7 7. Nf3 c5 8.
Be3 Nc6 9. Be2 Bg4 10. d5 Bxc3+ 11. Kf1 Bxf3 12. gxf3 Bxa1 13. Qxa1 Nd4 14.
Bb5+ Kf8 15. Bh6+ Kg8 16. Kg2 Qb6 17. Bc4 Qf6 18. Kf1 Qxf3 19. Ke1 Nc2+ 0-1

[Event "Campeonato de España Universitario 2011"]
[Site "Alicante ESP"]
[Date "2011.05.09"]
[Round "2.2"]
[White "Vila Gazquez, Xavier"]
[Black "Campora Perez, Daniel"]
[Result "1-0"]
[WhiteElo "2494"]
[BlackElo "2174"]
[PlyCount "42"]
[EventDate "2011.05.09"]
[EventType "swiss"]
[EventRounds "9"]
[EventCountry "ESP"]
[Source "lmi"]
[SourceDate "2011.05.09"]

1. e4 c6 2. Nc3 d5 3. Nf3 dxe4 4. Nxe4 Bf5 5. Ng3 Bg6 6. h4 Nf6 7. h5 Be4 8.
Nxe4 Nxe4 9. h6 e6 10. d4 Bb4+ 11. c3 Bf8 12. Bd3 Nf6 13. Qe2 Nbd7 14. hxg7
Bxg7 15. Bf4 Nd5 16. Bg3 Qf6 17. Qe4 Bh6 18. Bb1 Qg6 19. Qxg6 fxg6 20. Bc2 Bg7
21. Bd3 Bh6 1-0

[Event "Campeonato de España Universitario 2011"]
[Site "Alicante ESP"]
[Date "2011.05.09"]
[Round "2.3"]
[White "Rosa Cintas, Raul"]
[Black "Almagro Llamas, Pablo"]
[Result "0-1"]
[WhiteElo "2164"]
[BlackElo "2465"]
[PlyCount "68"]
[EventDate "2011.05.09"]
[EventType "swiss"]
[EventRounds "9"]
[EventCountry "ESP"]
[Source "lmi"]
[SourceDate "2011.05.09"]

1. d4 Nf6 2. Nf3 e6 3. c4 b6 4. a3 Bb7 5. Nc3 Be7 6. Qc2 d5 7. Bg5 a6 8. e3
dxc4 9. Bxc4 b5 10. Ba2 c5 11. O-O cxd4 12. Nxd4 Qb6 13. Rac1 Nbd7 14. Qd2 O-O
15. Qe2 Ne5 16. Bf4 Ng6 17. Bg3 Rac8 18. h4 Rc5 19. Bb1 Nh5 20. Ne4 Rxc1 21.
Rxc1 Nxg3 22. fxg3 h6 23. b4 Bd5 24. Nc5 Ne5 25. Kh1 Rc8 26. Qc2 Ng6 27. h5 Nf8
28. Nf3 Qb8 29. Qf2 Nd7 30. e4 Ne5 31. Qc2 Ba8 32. Nd4 f5 33. Nxf5 Bxc5 34.
bxc5 Rc7 0-1

[Event "Campeonato de España Universitario 2011"]
[Site "Alicante ESP"]
[Date "2011.05.09"]
[Round "2.5"]
[White "Gimeno Higueras, Roberto"]
[Black "Aloma Vidal, Robert"]
[Result "0-1"]
[WhiteElo "2160"]
[BlackElo "2426"]
[PlyCount "58"]
[EventDate "2011.05.09"]
[EventType "swiss"]
[EventRounds "9"]
[EventCountry "ESP"]
[Source "lmi"]
[SourceDate "2011.05.09"]

1. e4 c5 2. c3 Nf6 3. e5 Nd5 4. d4 cxd4 5. Qxd4 e6 6. Nf3 Nc6 7. Qe4 f5 8. Qe2
Be7 9. Nfd2 a6 10. g3 b5 11. Bg2 Bb7 12. Nb3 O-O 13. O-O Bc5 14. Be3 Bxe3 15.
Qxe3 a5 16. Qe2 b4 17. Qd3 a4 18. Qb5 Nce7 19. Rd1 Qc7 20. Nc5 Bc6 21. Qc4 a3
22. bxa3 bxa3 23. Qd4 f4 24. Nd3 Nf5 25. Qc5 Ra5 26. Qc4 fxg3 27. hxg3 Qa7 28.
Kh1 Nde3 29. fxe3 Bxg2+ 0-1

[Event "Campeonato de España Universitario 2011"]
[Site "Alicante ESP"]
[Date "2011.05.09"]
[Round "2.7"]
[White "Rodriguez Calvo, Manoel"]
[Black "Rubio Mejia, Luis Ignacio"]
[Result "0-1"]
[WhiteElo "2147"]
[BlackElo "2403"]
[PlyCount "36"]
[EventDate "2011.05.09"]
[EventType "swiss"]
[EventRounds "9"]
[EventCountry "ESP"]
[Source "lmi"]
[SourceDate "2011.05.09"]

1. e4 c5 2. Nf3 d6 3. Bb5+ Bd7 4. Bxd7+ Qxd7 5. O-O Nc6 6. c3 Nh6 7. d4 f6 8.
Ne1 Nf7 9. f3 cxd4 10. cxd4 d5 11. e5 Ng5 12. Bxg5 fxg5 13. e6 Qxe6 14. Nc3 Qd7
15. Nd3 e6 16. f4 Bd6 17. fxg5 Nxd4 18. Rc1 Nf5 0-1

[Event "Campeonato de España Universitario 2011"]
[Site "Alicante ESP"]
[Date "2011.05.09"]
[Round "2.10"]
[White "Camacho Collados, Marcos"]
[Black "Barranco Cara, Francisco Javier"]
[Result "0-1"]
[WhiteElo "2376"]
[BlackElo "2122"]
[PlyCount "37"]
[EventDate "2011.05.09"]
[EventType "swiss"]
[EventRounds "9"]
[EventCountry "ESP"]
[Source "lmi"]
[SourceDate "2011.05.09"]

1. e4 c5 2. Nf3 d6 3. d4 cxd4 4. Nxd4 Nf6 5. Nc3 a6 6. Be2 e5 7. Nb3 Be6 8. O-O
Be7 9. Re1 O-O 10. Bf1 b5 11. a4 b4 12. Nd5 Bxd5 13. exd5 Nbd7 14. a5 Qc7 15.
Be3 Rfc8 16. Rc1 Nc5 17. Bxc5 dxc5 18. Bc4 Bd6 19. Ra1 0-1

[Event "Campeonato de España Universitario 2011"]
[Site "Alicante ESP"]
[Date "2011.05.09"]
[Round "2.11"]
[White "Hidalgo Duque, Carlos"]
[Black "Pallardo Lozoya, Jose Vicente"]
[Result "1-0"]
[WhiteElo "2134"]
[BlackElo "2365"]
[PlyCount "84"]
[EventDate "2011.05.09"]
[EventType "swiss"]
[EventRounds "9"]
[EventCountry "ESP"]
[Source "lmi"]
[SourceDate "2011.05.09"]

1. d4 e6 2. c4 Bb4+ 3. Bd2 Qe7 4. Nf3 f5 5. g3 b6 6. Nc3 Nf6 7. Bg2 O-O 8. O-O
Bb7 9. d5 c6 10. Nd4 Na6 11. Ncb5 Bxd2 12. Qxd2 Nc5 13. Nc3 Kh8 14. Ndb5 Kg8
15. d6 Qf7 16. Nd4 e5 17. Nxf5 Qxc4 18. Rac1 Qf7 19. b4 Ne6 20. b5 Kh8 21. Ne7
Nd8 22. Ne4 c5 23. Ng5 Qe8 24. Bxb7 Nxb7 25. Ne6 Ne4 26. Qe3 Nexd6 27. Qg5 Rf7
28. Nc7 Qxe7 29. Qxe7 Rxe7 30. Nxa8 Kg8 31. f4 e4 32. f5 Kf7 33. g4 Nxb5 34. e3
h6 35. h4 N5d6 36. g5 hxg5 37. hxg5 Re5 38. Rcd1 c4 39. Kh2 Rc5 40. Rb1 Rc8 41.
Nxb6 c3 42. Rbc1 Rc5 1-0

[Event "Campeonato de España Universitario 2011"]
[Site "Alicante ESP"]
[Date "2011.05.09"]
[Round "2.12"]
[White "Rabadan Velasco, Raul"]
[Black "Moreno Torralba, David"]
[Result "1-0"]
[WhiteElo "2353"]
[BlackElo "2115"]
[PlyCount "61"]
[EventDate "2011.05.09"]
[EventType "swiss"]
[EventRounds "9"]
[EventCountry "ESP"]
[Source "lmi"]
[SourceDate "2011.05.09"]

1. d4 Nf6 2. c4 e6 3. Nf3 Bb4+ 4. Nbd2 O-O 5. a3 Be7 6. e4 d5 7. e5 Ne4 8. Be2
dxc4 9. Bxc4 c6 10. Qc2 b6 11. g4 Nxd2 12. Bxd2 h6 13. Qe4 Ba6 14. Bb3 Bg5 15.
h4 Re8 16. Nxg5 hxg5 17. Qf3 gxh4 18. g5 Kf8 19. Qg4 Kg8 20. Qxh4 Kf8 21. Bb4+
c5 22. dxc5 Nc6 23. cxb6+ Nxb4 24. Qxb4+ Kg8 25. Qh4 Kf8 26. Qh8+ Ke7 27. Qxg7
Qxb6 28. Qf6+ Kd7 29. Qxf7+ Kc6 30. Rc1+ Kb5 31. Qd7+ 1-0

[Event "Campeonato de España Universitario 2011"]
[Site "Alicante ESP"]
[Date "2011.05.09"]
[Round "2.13"]
[White "Arauz Alonso, Fernando"]
[Black "Valmaña Canto, Jaime"]
[Result "0-1"]
[WhiteElo "2118"]
[BlackElo "2335"]
[PlyCount "104"]
[EventDate "2011.05.09"]
[EventType "swiss"]
[EventRounds "9"]
[EventCountry "ESP"]
[Source "lmi"]
[SourceDate "2011.05.09"]

1. d4 g6 2. Nf3 Bg7 3. c3 c5 4. Qb3 Qb6 5. Bg5 d6 6. e3 Qxb3 7. axb3 Be6 8.
Nbd2 Nd7 9. Be2 Ngf6 10. O-O h6 11. Bh4 g5 12. Bg3 Nh5 13. Ra3 f5 14. Rfa1 a6
15. Ne1 Nxg3 16. hxg3 O-O 17. Bc4 d5 18. Be2 Rac8 19. Nd3 Bf7 20. b4 cxb4 21.
Nxb4 e5 22. Ra5 Rfe8 23. dxe5 Bxe5 24. Rd1 Bc7 25. Raa1 Nf6 26. Bf3 Bb6 27. Nb3
Re5 28. Nd4 Bg6 29. Nd3 Re7 30. Nb4 Rd8 31. Rd2 Bc7 32. Ne2 Red7 33. Rad1 Bf7
34. Nd4 f4 35. gxf4 gxf4 36. Nbc2 Kh7 37. Nf5 Re8 38. exf4 Bxf4 39. Nce3 Bg6
40. Rd4 Be5 41. Rh4 Ng8 42. Nd4 Bf6 43. Rh2 Ne7 44. Bg4 Rc7 45. Ndf5 Bg5 46.
Nxe7 Rcxe7 47. Rxd5 Rxe3 48. fxe3 Bxe3+ 49. Kf1 Bf7 50. Rh3 Bxd5 51. Rh2 Bg5
52. Kg1 Re3 0-1

[Event "Campeonato de España Universitario 2011"]
[Site "Alicante ESP"]
[Date "2011.05.09"]
[Round "2.14"]
[White "Fernandez Barrera, Victor"]
[Black "Galan Martin, Pedro Juan"]
[Result "0-1"]
[WhiteElo "2327"]
[BlackElo "2109"]
[PlyCount "62"]
[EventDate "2011.05.09"]
[EventType "swiss"]
[EventRounds "9"]
[EventCountry "ESP"]
[Source "lmi"]
[SourceDate "2011.05.09"]

1. e4 c5 2. Nf3 d6 3. d4 cxd4 4. Nxd4 Nf6 5. Nc3 a6 6. Bg5 e6 7. f4 Qc7 8. Bxf6
gxf6 9. f5 Nc6 10. Bc4 Qb6 11. Nde2 Rg8 12. Qd2 Rxg2 13. O-O-O Ne5 14. Bb3 Ng4
15. Qd4 Qxd4 16. Nxd4 Bh6+ 17. Kb1 Ke7 18. Rdg1 Rxg1+ 19. Rxg1 Be3 20. Rxg4
Bxd4 21. fxe6 Bxc3 22. Rg8 fxe6 23. bxc3 Kf7 24. Rh8 b5 25. Rxh7+ Kg6 26. Rc7
a5 27. a4 Rb8 28. Kc1 Bb7 29. Rd7 Bxe4 30. Rxd6 Bd5 31. Kd2 Rh8 0-1

[Event "Campeonato de España Universitario 2011"]
[Site "Alicante ESP"]
[Date "2011.05.09"]
[Round "2.15"]
[White "Tierraseca Montero, Pablo"]
[Black "Martin Fuentes, Alberto"]
[Result "0-1"]
[WhiteElo "2103"]
[BlackElo "2322"]
[PlyCount "144"]
[EventDate "2011.05.09"]
[EventType "swiss"]
[EventRounds "9"]
[EventCountry "ESP"]
[Source "lmi"]
[SourceDate "2011.05.09"]

1. e4 e6 2. d3 c5 3. g3 Nc6 4. Bg2 g6 5. c3 Bg7 6. f4 Nge7 7. Nf3 O-O 8. O-O d6
9. Be3 Rb8 10. a4 a6 11. Nbd2 b6 12. Nh4 d5 13. e5 Nf5 14. d4 cxd4 15. cxd4 Nb4
16. Nxf5 exf5 17. Nb3 Be6 18. a5 bxa5 19. Rxa5 Qd7 20. Qe2 Rfc8 21. Rc1 Rxc1+
22. Nxc1 Qc7 23. Rc5 Qb6 24. Bf1 Bf8 25. Rc3 Bd7 26. Qd1 Bb5 27. Bg2 Bc4 28. b3
Bb5 29. g4 Bd7 30. h3 Qa5 31. Bd2 Qb6 32. Be3 Qe6 33. Bf3 Qb6 34. Kg2 Be6 35.
Kg3 Qa5 36. Nd3 Na2 37. Rc6 Bd7 38. Bd2 Qb5 39. Rc7 Be8 40. Qc2 Qxb3 41. Kg2
Ba4 42. Qxb3 Rxb3 43. gxf5 gxf5 44. Nf2 Rb2 45. Be1 Bb3 46. Rb7 Nc1 47. Kg3 Rc2
48. Rb8 Kg7 49. Ra8 Bc4 50. Bd1 Ra2 51. Ra7 Ne2+ 52. Bxe2 Rxe2 53. Ba5 Kg6 54.
Rb7 Bh6 55. Rb6+ Kg7 56. Kf3 Bxf4 57. Kxf4 Rxf2+ 58. Ke3 Rh2 59. Kf4 Bd3 60.
Kg3 Re2 61. Bb4 Re3+ 62. Kg2 Be4+ 63. Kh2 f4 64. Rf6 Re2+ 65. Kg1 Rg2+ 66. Kf1
f3 67. Rf4 h5 68. h4 Ra2 69. Rf6 a5 70. Bc5 Bd3+ 71. Ke1 Re2+ 72. Kd1 f2 0-1

[Event "Campeonato de España Universitario 2011"]
[Site "Alicante ESP"]
[Date "2011.05.09"]
[Round "3.1"]
[White "Alsina Leal, Daniel"]
[Black "Senlle Caride, Miguel"]
[Result "1-0"]
[WhiteElo "2545"]
[BlackElo "2271"]
[PlyCount "136"]
[EventDate "2011.05.09"]
[EventType "swiss"]
[EventRounds "9"]
[EventCountry "ESP"]
[Source "lmi"]
[SourceDate "2011.05.09"]

1. e4 c5 2. Nf3 e6 3. d4 cxd4 4. Nxd4 Nc6 5. Nc3 Qc7 6. Be2 a6 7. O-O Nf6 8.
Be3 Bb4 9. Na4 O-O 10. c4 Bd6 11. g3 Nxe4 12. c5 Be5 13. Nf3 Bf6 14. Nb6 Rb8
15. Nc4 b5 16. cxb6 Qb7 17. Nfd2 Nd4 18. Nxe4 Qxe4 19. Nd6 Qd5 20. Bxd4 Bxd4
21. Nxc8 Rfxc8 22. b7 Rc7 23. Bf3 Qe5 24. Re1 Qf6 25. Rc1 Rcxb7 26. Bxb7 Bxf2+
27. Kh1 Bxe1 28. Qxe1 Qxb2 29. Bg2 Qxa2 30. Qb4 Rf8 31. Qd6 Qb2 32. Rd1 g6 33.
h4 h5 34. Qxd7 a5 35. Kh2 Qc2 36. Rd4 Qc3 37. Rf4 Qe1 38. Qa7 Qd2 39. Ra4 Rc8
40. Qxa5 Qxa5 41. Rxa5 Kg7 42. Ra7 Rc2 43. Kh3 Rc3 44. Bf1 Kf6 45. Bb5 Kg7 46.
Kg2 Rc5 47. Bd7 Re5 48. Kf3 Rf5+ 49. Ke4 Rf1 50. Ra3 Rf6 51. Ke5 Rf2 52. Kd6
Kf6 53. Rd3 Rf1 54. Bc6 Rf2 55. Kd7 Kg7 56. Ke7 Rf6 57. Be8 Rf2 58. Ra3 Rf6 59.
Bc6 Rf2 60. Ke8 Rc2 61. Bd7 Rf2 62. Ke7 Rf6 63. Bc6 Rf2 64. Ra7 Rf6 65. Ke8 Rf2
66. Bb5 Rf3 67. Bc4 Rf6 68. Ba2 Rf3 1-0

[Event "Campeonato de España Universitario 2011"]
[Site "Alicante ESP"]
[Date "2011.05.09"]
[Round "3.2"]
[White "Vega Gutierrez, Belinda"]
[Black "Vila Gazquez, Xavier"]
[Result "0-1"]
[WhiteElo "2255"]
[BlackElo "2494"]
[PlyCount "149"]
[EventDate "2011.05.09"]
[EventType "swiss"]
[EventRounds "9"]
[EventCountry "ESP"]
[Source "lmi"]
[SourceDate "2011.05.09"]

1. e4 d5 2. exd5 Qxd5 3. Nc3 Qd6 4. d4 Nf6 5. Bc4 a6 6. Bb3 Nc6 7. Nge2 Na5 8.
Bf4 Qd7 9. Qd3 b5 10. f3 e6 11. Ne4 Nxe4 12. Qxe4 Bb7 13. Qe5 Rc8 14. O-O-O
Nxb3+ 15. axb3 f6 16. Qe3 Kf7 17. Rhe1 b4 18. Kb1 Be7 19. Nc1 Rhe8 20. Nd3 Bd5
21. Bg3 Bf8 22. Nf4 a5 23. Qd3 Kg8 24. Nxd5 Qxd5 25. Qc4 c6 26. Re2 Kf7 27. Qd3
h6 28. h4 Rcd8 29. Bf2 Rd7 30. Rde1 Bd6 31. g4 Bf8 32. h5 Kg8 33. Qg6 Rde7 34.
Qd3 Qd7 35. Qc4 Qd5 36. Qd3 Rd7 37. Qg6 Rde7 38. Qd3 Kh8 39. Re4 Kg8 40. R4e2
Kh8 41. Re4 Ra8 42. Qc4 Rae8 43. Qd3 Kg8 44. R4e2 Ra8 45. Qe4 Qxe4 46. Rxe4 Kf7
47. f4 Rd8 48. R1e2 Rd5 49. Re1 Rd6 50. R4e2 Rd5 51. Re4 Re8 52. R4e2 Bd6 53.
Be3 Bc7 54. Rg1 Bb6 55. c3 Bc7 56. g5 hxg5 57. fxg5 Rh8 58. h6 gxh6 59. gxh6
Rg8 60. Rxg8 Kxg8 61. Rg2+ Kf8 62. Rg7 Bd8 63. Ra7 Rh5 64. cxb4 axb4 65. Bd2
Be7 66. Rc7 Rh2 67. Bc1 f5 68. Rxc6 Kf7 69. Rc2 Rh1 70. Rg2 Bf6 71. Kc2 Bxd4
72. Bd2 Bf6 73. Kd3 Rh4 74. Kc2 e5 75. Be3 0-1

[Event "Campeonato de España Universitario 2011"]
[Site "Alicante ESP"]
[Date "2011.05.09"]
[Round "3.3"]
[White "Almagro Llamas, Pablo"]
[Black "Garcia Rodriguez, Victor"]
[Result "1-0"]
[WhiteElo "2465"]
[BlackElo "2234"]
[PlyCount "96"]
[EventDate "2011.05.09"]
[EventType "swiss"]
[EventRounds "9"]
[EventCountry "ESP"]
[Source "lmi"]
[SourceDate "2011.05.09"]

1. e4 e5 2. Nf3 Nc6 3. Bb5 a6 4. Ba4 Nf6 5. O-O b5 6. Bb3 Be7 7. Re1 O-O 8. c3
d5 9. exd5 Nxd5 10. Nxe5 Nxe5 11. Rxe5 Nf6 12. h3 Bd6 13. Re2 Bf5 14. d4 Qd7
15. Re3 Rae8 16. Bc2 Nd5 17. Bxf5 Qxf5 18. Re1 c5 19. Be3 cxd4 20. cxd4 Bb4 21.
Nd2 Nf4 22. a3 Ba5 23. b4 Bb6 24. Qf3 Bc7 25. Bxf4 Qxf4 26. Qxf4 Bxf4 27. Nb3
Rc8 28. Nc5 Rfd8 29. Rad1 Rd6 30. Re7 g6 31. g3 Bh6 32. Ne4 Rb6 33. Rd3 a5 34.
bxa5 Ra6 35. Rb7 Rxa5 36. Nd6 Rca8 37. Nxb5 Bf8 38. Rf3 Rd8 39. Rfxf7 Rxb5 40.
Rxf8+ Kxf8 41. Rxb5 Rxd4 42. Rb1 Ra4 43. Rb3 Kf7 44. Re3 Kf6 45. Kf1 h5 46. Ke1
h4 47. Kd2 g5 48. Kc2 Ra8 1-0

[Event "Campeonato de España Universitario 2011"]
[Site "Alicante ESP"]
[Date "2011.05.09"]
[Round "3.4"]
[White "Mayans Calvo, Mariano"]
[Black "Antoli Royo, Joaquin Miguel"]
[Result "1-0"]
[WhiteElo "2230"]
[BlackElo "2434"]
[PlyCount "111"]
[EventDate "2011.05.09"]
[EventType "swiss"]
[EventRounds "9"]
[EventCountry "ESP"]
[Source "lmi"]
[SourceDate "2011.05.09"]

1. c4 c6 2. Nf3 Nf6 3. g3 d5 4. b3 dxc4 5. bxc4 e5 6. Nc3 e4 7. Ng5 Bc5 8. Bg2
Bf5 9. O-O Qd4 10. Qb3 O-O 11. e3 Qe5 12. f3 exf3 13. d4 Bxd4 14. Nxf3 Bxe3+
15. Kh1 Qe7 16. Re1 Ng4 17. Bxe3 Nxe3 18. Nd1 Na6 19. Nxe3 Be4 20. Nf5 Qf6 21.
N5d4 Nc5 22. Qa3 Nd3 23. Rf1 Rad8 24. Nb3 Qc3 25. Qxa7 Rfe8 26. Nbd2 Bg6 27.
Qxb7 Nf2+ 28. Kg1 Ng4 29. Rae1 h6 30. Rxe8+ Rxe8 31. Qd7 Nf6 32. Qxc6 Re2 33.
Qd6 Ng4 34. h3 Ne3 35. Rf2 Qc1+ 36. Nf1 Rxf2 37. Kxf2 Nxc4 38. Qd8+ Kh7 39. Qd4
Qc2+ 40. N1d2 Nb2 41. Kg1 Nd3 42. a4 Nc1 43. Qc4 Qd1+ 44. Nf1 Bd3 45. Qxf7 Ne2+
46. Kf2 Qxa4 47. Qd5 Nc1 48. N3d2 Qa7+ 49. Ne3 Bg6 50. Be4 Bxe4 51. Qxe4+ Kh8
52. Qc2 Na2 53. Ne4 Nb4 54. Qc8+ Kh7 55. Qf5+ Kh8 56. Qf8+ 1-0

[Event "Campeonato de España Universitario 2011"]
[Site "Alicante ESP"]
[Date "2011.05.09"]
[Round "3.5"]
[White "Aloma Vidal, Robert"]
[Black "Serrano Bozada, Esteban"]
[Result "1-0"]
[WhiteElo "2426"]
[BlackElo "2225"]
[PlyCount "123"]
[EventDate "2011.05.09"]
[EventType "swiss"]
[EventRounds "9"]
[EventCountry "ESP"]
[Source "lmi"]
[SourceDate "2011.05.09"]

1. d4 Nf6 2. c4 c5 3. d5 b5 4. cxb5 a6 5. Nc3 g6 6. bxa6 Bxa6 7. e4 Bxf1 8.
Kxf1 Bg7 9. g3 O-O 10. Kg2 d6 11. h3 Nbd7 12. Nf3 Ra6 13. Qc2 Qa8 14. Re1 Rb8
15. b3 e6 16. dxe6 fxe6 17. Rb1 d5 18. a4 Qc6 19. Bg5 Rb4 20. exd5 exd5 21. Nb5
Ne4 22. Bc1 Nb6 23. Bd2 Nxd2 24. Qxd2 Ra8 25. Ne5 Bxe5 26. Rxe5 Re8 27. Rxe8+
Qxe8 28. Re1 Re4 29. Rc1 Re2 30. Qf4 Nd7 31. Nc7 Qe4+ 32. Qxe4 dxe4 33. Rc3 Ne5
34. Re3 Rb2 35. Rxe4 Nd3 36. Re8+ Kf7 37. Re3 Rxb3 38. a5 c4 39. a6 Ra3 40. Re4
c3 41. Rc4 Ne5 42. Rxc3 Rxc3 43. a7 Ra3 44. a8=Q Rxa8 45. Nxa8 Kf6 46. Nc7 Kf5
47. Nd5 h6 48. Ne7+ Kf6 49. Nd5+ Ke6 50. Ne3 Kf6 51. Ng4+ Nxg4 52. hxg4 Kg5 53.
Kf3 h5 54. gxh5 gxh5 55. Ke3 Kg4 56. Ke4 Kg5 57. f3 Kg6 58. f4 Kf6 59. f5 Kf7
60. Ke5 Ke7 61. f6+ Kf7 62. Kf5 1-0

[Event "Campeonato de España Universitario 2011"]
[Site "Alicante ESP"]
[Date "2011.05.09"]
[Round "3.6"]
[White "Rubio Mejia, Luis Ignacio"]
[Black "Garcia Blanco, Omar"]
[Result "1-0"]
[WhiteElo "2403"]
[BlackElo "2209"]
[PlyCount "79"]
[EventDate "2011.05.09"]
[EventType "swiss"]
[EventRounds "9"]
[EventCountry "ESP"]
[Source "lmi"]
[SourceDate "2011.05.09"]

1. Nf3 Nf6 2. c4 g6 3. Nc3 c5 4. d4 cxd4 5. Nxd4 Bg7 6. e4 d6 7. Be2 O-O 8. O-O
Nc6 9. Be3 Bd7 10. Qd2 Nxd4 11. Bxd4 Bc6 12. f3 Nd7 13. Be3 b6 14. b4 Qc7 15.
a3 Rfc8 16. Rac1 Qd8 17. Nd5 Bxd5 18. cxd5 Rxc1 19. Rxc1 Rc8 20. Bb5 h5 21. Rc2
Kh7 22. Qc1 Rxc2 23. Qxc2 Nb8 24. Kf1 Bh6 25. Bd4 Bg7 26. Bf2 Bh6 27. g3 Nd7
28. Bxd7 Qxd7 29. Qc6 Qh3+ 30. Kg1 h4 31. Qe8 hxg3 32. Qxf7+ Bg7 33. hxg3 Qc8
34. Kg2 Qc1 35. Qxe7 a5 36. bxa5 bxa5 37. Qxd6 Qd2 38. Qc5 a4 39. d6 g5 40. Qd5
1-0

[Event "Campeonato de España Universitario 2011"]
[Site "Alicante ESP"]
[Date "2011.05.09"]
[Round "3.7"]
[White "Garcia Brion, Eduardo"]
[Black "Espinosa Aranda, Angel"]
[Result "0-1"]
[WhiteElo "2191"]
[BlackElo "2399"]
[PlyCount "66"]
[EventDate "2011.05.09"]
[EventType "swiss"]
[EventRounds "9"]
[EventCountry "ESP"]
[Source "lmi"]
[SourceDate "2011.05.09"]

1. e4 c5 2. Nf3 Nc6 3. d4 cxd4 4. Nxd4 g6 5. Nc3 Bg7 6. Nb3 d6 7. Be2 Nf6 8.
Bg5 O-O 9. O-O a5 10. a4 Be6 11. Kh1 Rc8 12. f4 Nb4 13. Bf3 Qc7 14. Nd4 Bc4 15.
Rf2 Rfd8 16. Rd2 d5 17. e5 Ne4 18. Nxe4 f6 19. b3 fxg5 20. bxc4 dxe4 21. Bxe4
gxf4 22. c3 Qxe5 23. Bxb7 Rb8 24. Bf3 Qe3 25. Rc1 e5 26. cxb4 Rxd4 27. Rxd4
exd4 28. c5 d3 29. Bd5+ Kh8 30. c6 d2 31. Rb1 Re8 32. h3 Qe1+ 33. Kh2 Qg3+ 0-1

[Event "Campeonato de España Universitario 2011"]
[Site "Alicante ESP"]
[Date "2011.05.09"]
[Round "3.8"]
[White "Camacho Collados, Jose"]
[Black "Escofet Martin, David"]
[Result "1-0"]
[WhiteElo "2380"]
[BlackElo "2185"]
[PlyCount "50"]
[EventDate "2011.05.09"]
[EventType "swiss"]
[EventRounds "9"]
[EventCountry "ESP"]
[Source "lmi"]
[SourceDate "2011.05.09"]

1. e4 c5 2. Nf3 d6 3. d4 cxd4 4. Nxd4 Nf6 5. Nc3 g6 6. f4 Nc6 7. Nf3 Bg7 8. Bc4
O-O 9. O-O Qa5 10. Kh1 Bg4 11. Qe1 Rac8 12. Bb3 Bxf3 13. gxf3 Nd7 14. Qh4 Nc5
15. Bd2 Nxb3 16. axb3 Qc5 17. f5 e6 18. f6 Bh8 19. Rg1 Qe5 20. Bg5 h6 21. f4
hxg5 22. fxg5 Nb4 23. Rg3 Rxc3 24. bxc3 d5 25. Rh3 Qxe4+ 1-0

[Event "Campeonato de España Universitario 2011"]
[Site "Alicante ESP"]
[Date "2011.05.09"]
[Round "3.9"]
[White "Eyo Castro-Rial, Alberto"]
[Black "Rabadan Velasco, Raul"]
[Result "1-0"]
[WhiteElo "2185"]
[BlackElo "2353"]
[PlyCount "61"]
[EventDate "2011.05.09"]
[EventType "swiss"]
[EventRounds "9"]
[EventCountry "ESP"]
[Source "lmi"]
[SourceDate "2011.05.09"]

1. d4 d5 2. c4 Nc6 3. Nf3 Bg4 4. Nc3 e6 5. cxd5 exd5 6. Bf4 Bxf3 7. gxf3 Bd6 8.
Bg3 Nge7 9. e3 h5 10. Qb3 h4 11. Bxd6 Qxd6 12. Bh3 Qb4 13. Qc2 Nd8 14. a3 Qb6
15. Rc1 c6 16. Na4 Qc7 17. Nc5 Qd6 18. f4 b6 19. Nd3 Ne6 20. Rg1 Kf8 21. Ne5
Rh5 22. Qe2 g6 23. f5 Rg5 24. Kd2 Rxg1 25. Rxg1 Nxf5 26. Bxf5 gxf5 27. Qh5 Nd8
28. Qh8+ Ke7 29. Rg8 Qc7 30. Re8+ Kd6 31. Qf8+ 1-0

[Event "Campeonato de España Universitario 2011"]
[Site "Alicante ESP"]
[Date "2011.05.09"]
[Round "3.10"]
[White "Valmaña Canto, Jaime"]
[Black "Hidalgo Duque, Carlos"]
[Result "1-0"]
[WhiteElo "2335"]
[BlackElo "2134"]
[PlyCount "47"]
[EventDate "2011.05.09"]
[EventType "swiss"]
[EventRounds "9"]
[EventCountry "ESP"]
[Source "lmi"]
[SourceDate "2011.05.09"]

1. e4 c5 2. Ne2 e6 3. g3 Nc6 4. Bg2 Nf6 5. O-O d5 6. exd5 exd5 7. d4 Be7 8.
dxc5 Bxc5 9. Bg5 O-O 10. Nbc3 Be6 11. Nxd5 Bxd5 12. Bxf6 Qxf6 13. Qxd5 Bb6 14.
Nc3 Rad8 15. Qh5 h6 16. Rab1 Rfe8 17. Nd5 Qd4 18. c3 Qc5 19. Rbd1 Re5 20. Qf3
Rde8 21. Qg4 R8e6 22. Nf4 Re7 23. Nd3 Rg5 24. Qc8+ 1-0

[Event "Campeonato de España Universitario 2011"]
[Site "Alicante ESP"]
[Date "2011.05.09"]
[Round "3.11"]
[White "Martin Fuentes, Alberto"]
[Black "Barranco Cara, Francisco Javier"]
[Result "1-0"]
[WhiteElo "2322"]
[BlackElo "2122"]
[PlyCount "89"]
[EventDate "2011.05.09"]
[EventType "swiss"]
[EventRounds "9"]
[EventCountry "ESP"]
[Source "lmi"]
[SourceDate "2011.05.09"]

1. e4 c5 2. Nc3 d6 3. d3 Nc6 4. g3 g6 5. Bg2 Bg7 6. Be3 Nf6 7. h3 O-O 8. Qd2
Nd4 9. Nd1 e5 10. c3 Ne6 11. Nf3 Nh5 12. Ng5 Nxg5 13. Bxg5 f6 14. Bh6 f5 15.
Bxg7 Kxg7 16. Bf3 Nf6 17. h4 h5 18. Ne3 f4 19. gxf4 exf4 20. Nc2 Be6 21. a3 d5
22. e5 Ng4 23. d4 c4 24. Bd1 Qe7 25. f3 Nh6 26. Kf2 Kh7 27. Be2 Rf7 28. Rag1
Raf8 29. Ne1 b5 30. Bd1 a5 31. Rg5 Qd7 32. Rhg1 Bf5 33. Bc2 Rg8 34. Bxf5 Rxf5
35. Rxf5 Qxf5 36. Rg5 Qf7 37. Ng2 Rf8 38. a4 b4 39. cxb4 axb4 40. Qxb4 Nf5 41.
e6 Qf6 42. Qc5 Rb8 43. Qc7+ Kh6 44. Qxb8 Qxd4+ 45. Kf1 1-0